Statistiques concernant Pays qui accueillent le plus d'Erasmus

Cliquez ici pour prendre le quiz!

Statistiques générales

  • Ce quiz a été pris 48 fois
  • Le résultat moyen est 19 sur 22

Statistiques - réponses

NombrePays% Correct
30 368Allemagne
100%
40 202Espagne
98%
29 293France
98%
19 964Italie
98%
9 894Portugal
98%
10 791Suède
95%
9 124Belgique
93%
7 255Finlande
93%
2 507Grèce
93%
10 772Pologne
93%
4 610Norvège
88%
27 182Royaume Uni
88%
4 318Hongrie
86%
10 298Pays-Bas
86%
2 149Roumanie
86%
4 295Suisse
84%
6 187Autriche
81%
6 277Irlande
79%
6 437République tchèque
79%
6 000Danemark
74%
2 326Lituanie
58%
6 145Turquie
53%

Distribution des résultats

Percentile par nombre de réponses

% des personnes avec chaque résultat

Votre développement - résultats

Vous n’avez pas pris ce quiz